Mexican State Capitals Map Quiz - Statistics

General Stats
  • This quiz has been taken 254 times
  • The average score is 22 of 32
Answers on the Map
Answers color-coded by a green-red scale on the quiz's map according to % correct below.
 
Answer Stats
State Answer % Correct
Mexico City Mexico City
96%
Jalisco Guadalajara
91%
Chihuahua Chihuahua
89%
Baja California Mexicali
88%
Nuevo León Monterrey
88%
Aguascalientes Aguascalientes
85%
Durango Victoria de Durango
84%
Puebla Puebla de Zaragoza
83%
Oaxaca Oaxaca de Juaréz
82%
San Luis Potosí San Luis Potosí
81%
Yucatán Mérida
80%
Colima Colima
79%
Zacatecas Zacatecas
78%
Querétaro Santiago de Querétaro
76%
Guanajuato Guanajuato
75%
Sonora Hermosillo
75%
Baja California Sur La Paz
75%
Campeche San Francisco de Campeche
70%
Tlaxcala Tlaxcala de Xicohténcatl
70%
Sinaloa Culiacán Rosales
61%
Coahuila Saltillo
60%
Chiapas Tuxtla Gutiérrez
59%
Tabasco Villahermosa
58%
Michoacán Morelia
54%
Nayarit Tepic
53%
Veracruz Xalapa-Enríquez
53%
México Toluca de Lerdo
51%
Quintana Roo Chetumal
50%
Tamaulipas Ciudad Victoria
48%
Morelos Cuernavaca
47%
Hidalgo Pachuca de Soto
41%
Guerrero Chilpancingo de los Bravo
36%
No matching quizzes found
Score Distribution
Percent of People with Each Score
Percentile by Number Answered
Your Score History
You have not taken this quiz